| 000 | 00953nam a22002417a 4500 | ||
|---|---|---|---|
| 003 | OSt | ||
| 005 | 20151016133001.0 | ||
| 008 | 130603s2007 sp ||||| |||| 00| 0 cat d | ||
| 020 | _a9788439375999 | ||
| 040 |
_cCDMR _bcat |
||
| 100 | 1 |
_93637 _aScolari, Carlos Alberto |
|
| 245 | 1 | 3 |
_aEl canvi digital als mitjans de proximitat _b: les transformacions generades per la introducció de les tecnologies digitals [...] _cequip investigador, Carlos Scolari, José Manuel Jarque, Cristina Perales |
| 260 |
_aBarcelona _bGeneralitat de Catalunya _c2007 |
||
| 300 | _a109 p. | ||
| 490 |
_aLexikon. Papers _v3 |
||
| 650 | 0 | 4 |
_92803 _aMitjans de comunicació de massa locals _xInnovacions tecnològiques |
| 650 | 0 | 4 |
_93364 _aTecnologia de la informació |
| 700 | 1 |
_93638 _aJarque, José Manuel |
|
| 700 | 1 |
_93639 _aPerales, Cristina |
|
| 710 | 1 |
_91064 _aCatalunya _b -- Generalitat |
|
| 710 | 2 |
_93633 _aAssociació Catalana de la Premsa Comarcal |
|
| 942 |
_2udc _cMON |
||
| 999 |
_c6389 _d6389 |
||